| 000 | 00496nam a2200193Ia 4500 | ||
|---|---|---|---|
| 008 | 130318s9999 xx 000 0 und d | ||
| 020 | _a9780070087705 | ||
| 082 | _a006.3 RIC/A | ||
| 100 | _aRich, Elaine | ||
| 245 | _aArtificial intelligence | ||
| 250 | _a3 | ||
| 260 |
_bTata McGraw Hill _aNoida _c2009 |
||
| 300 | _a568 | ||
| 650 | _aARTIFICIAL IMMUNE SYSTEMS | ||
| 650 | _aFUZZY LOGIC | ||
| 650 | _aNATURAL LANGUAGE PROCESSING | ||
| 700 | _aKnight, Kevin | ||
| 700 | _aNair, Sivasanker B | ||
| 999 |
_c1966 _d1966 |
||